000 00495nam a2200181Ia 4500
003 GCL
008 140319s9999 xx 000 0 aFre d
040 _aGCL /
_cGCL
082 0 4 _aCC
_b962
_bA E
100 1 _aAUJOURD HUI L,EGYPTE
245 1 0 _aEGYPTE REVE ET REALITES /
_cAUJOURD HUI L,EGYPTE
260 _aالقاهرة :
_bAUJOURD ,HUI L,EGYPTE ،
_c1993
300 _a28 CM
650 0 4 _aEGYPT - HISTORY
650 0 4 _aEGYPT - CIVILIZATION
650 0 4 _aEGYPT - PHOTOS
942 _2ddc
_cBK
999 _c7990
_d7990